Les compos de PSG 2-1 Arsenal (24/25) - Statistiques

Statistiques générales
  • Ce quiz a été pris 874 fois
  • Le résultat moyen est 19 sur 22
Statistiques - réponses
Equipe Nationalité Joueur % Correct
PSG Marocain Achraf Hakimi
99%
PSG Italien Gianluigi Donnarumma
99%
PSG Portugais Nuno Mendes
97%
PSG Equatorien Willian Pacho
97%
PSG Français Désiré Doué
96%
PSG Portugais João Neves
96%
PSG Géorgien Khvicha Kvaratskhelia
96%
PSG Brésilien Marquinhos
96%
PSG Portugais Vitinha
96%
PSG Espagnol Fabian Ruiz
95%
PSG Français Bradley Barcola
94%
Arsenal Français William Saliba
92%
Arsenal Anglais Bukayo Saka
89%
Arsenal Anglais Declan Rice
87%
Arsenal Norvégien Martin Ødegaard
87%
Arsenal Espagnol David Raya
86%
Arsenal Brésilien Gabriel Martinelli
83%
Arsenal Ghanéen Thomas Partey
81%
Arsenal Espagnol Mikel Merino
72%
Arsenal Néerlandais Jurriën Timber
71%
Arsenal Polonais Jakub Kiwior
53%
Arsenal Anglais Myles Lewis-Skelly
52%
Aucun quiz correspondant
Distribution des résultats
% des personnes avec chaque résultat
Percentile par nombre de réponses
Votre historique - résultats
Vous n’avez pas pris ce quiz